000 01029nam a2200289 i 4500
001 000012885
003 DO-SdBNP
005 20240530073915.0
007 ta
008 091118t1994 dr 000 f spa d
040 _aDO-SdBNP
_bspa
_cBNPHU
_erda
082 4 _aRD863.44
_bP192y
_222
100 1 _aPaniagua Blanco, J. M.
_929757
_erda
245 1 0 _aYo cruce la selva del Darien...y se hizo el milagro :
_brelato verídico /
_cJ. M. Paniagua Blanco ; prólogo José Pardo Llada.
264 _aSan Juan de la Maguana, República Dominicana :
_bDominicana de Impresos y Publicidad,
_c1994.
300 _a125 páginas ;
_a21 cm.
336 _2rdacontent
_atexto
_btxt
337 _2rdamedia
_asin mediación
_bn
338 _2rdacarrier
_avolumen
_bnc
590 _aInventariado, 2020/BT
650 0 _aNovela dominicana
_9223
650 0 _aLiteratura dominicana.
_967
650 4 _aRelatos de viajes
_96949
700 1 _aPardo Llada, José,
_eprólogo
_929758
910 _aValidado. Control de calidad EMS
942 _2ddc
_cLBS1
999 _c12533
_d12533